Wszystkie Przystanki Autobusowe i Tramwajowe na Bielanach - Statystyki

Ogólne statystyki
  • Ten quiz został rozwiązany 13 razy
  • Średni wynik to 44 z 83
Statystyki odpowiedzi
Przystanki % Poprawnych
Metro Młociny
100%
Metro Słodowiec
92%
Metro Stare Bielany
92%
AWF
83%
Bielany - Ratusz
83%
Gwiaździsta
83%
Metro Wawrzyszew
83%
Piaski
83%
Cmentarz Północny - Brama Główna
75%
Las Bielański
75%
Rudnickiego
75%
Aleja Reymonta
67%
Aspekt
67%
Chomiczówka
67%
Cmentarz Północny - Brama Południowa
67%
Cmentarz Północny - Brama Zachodnia
67%
Cmentarz Włoski
67%
Conrada
67%
Muzealna
67%
Park Olszyna
67%
Park Olszyna
67%
Prozy
67%
Przy Agorze
67%
Romaszewskiego
67%
Sokratesa
67%
UKSW
67%
Wólczyńska
67%
Wólka Węglowa
67%
Andersena
58%
Cmentarz Wawrzyszewski
58%
Conrada - Szkoła
58%
Estrady
58%
Klaudyny
58%
Kwitnąca
58%
Magiera
58%
Nocznickiego
58%
Park Kaskada
58%
Perzyńskiego
58%
Przybyszewskiego
58%
Twardowska
58%
Zajezdnia Żoliborz
58%
Anny Jagiellonki
50%
Generała Maczka
50%
Księżycowa
50%
Lektykarska
50%
Młociny - UKSW
50%
Park Młociński
50%
Podleśna - IMiGW
50%
Radiowo
50%
Tołstoja
50%
Wrzeciono
50%
Żubrowa - UKSW
50%
Dankowicka
42%
Dzierżoniowska
42%
Fort Wawrzyszew
42%
Hłaski
42%
Kampinoska
42%
Popiela
42%
Akcent
33%
Cmentarz Północny - Brama Wschodnia
33%
Energetyczna
33%
Mościska
33%
Obrońców Tobruku
33%
Oczapowskiego
33%
Opłotek
33%
Osiedle Potok
33%
Palisadowa
33%
Radiowo - Bocznica
33%
Rokokowa
33%
Rudzka
33%
Schroegera
33%
Sobocka
33%
Tułowicka
33%
Tytułowa
33%
Widokowa
33%
Wólczyńska - Bocznica
33%
Chabrowa
25%
Maszewska
25%
Niedzielskiego
25%
Trenów - Las
25%
Buraków
17%
Głowackiego
17%
Bugusałwskiego
0%
Nie znaleziono quizów pasujących do podanych kryteriów
Rozkład punktacji
Procent ludzi z każdym wynikiem
Percentyl według liczby udzielonych odpowiedzi
Twoja historia wyników
Nie rozwiązałeś tego quizu